| 000 | 00478nam a2200169Ia 4500 | ||
|---|---|---|---|
| 999 |
_c14223 _d14223 |
||
| 003 | OSt | ||
| 005 | 20201027093736.0 | ||
| 008 | 190216s9999||||xx |||||||||||||| ||und|| | ||
| 040 | _coclc | ||
| 082 |
_a823.912 _bRHY/A |
||
| 100 |
_aRhys, Jean _95595 |
||
| 245 | 0 |
_aAfter Leaving Mr. Mackenzie / _cJean Rhys |
|
| 260 |
_bI Si Publication, _c1996. _aEngland : |
||
| 300 | _a181p | ||
| 650 | _aEnglish | ||
| 942 |
_cBK _2ddc _h823.912 _iRHY/A _k823.912 _mRHY/A |
||